000 00870cam a2200253 4500
001 M2119
008 090401t1996 xxu||||| |||| 00| 0 eng d
035 _a(Sirsi) u36572
041 _aeng
050 _a347.4109
090 _aRICS 1996/46AC
110 _aRoyal Institution of Chartered Surveyors
_94900
245 _aConsultation document : surveyors` acting as expert witnesses.
260 _aLondon
_bRICS
_c1996
300 _a6p. ; 30cm.
350 _a0
520 _aSUPERSEDED: Replaced by updated version (October 1996) RICS 1996/109. Consultation document. Closing date for comments 30 August 1996. Comments to be sent to Yvonne Hanley.
650 _aABOUT RICS-RICS MEMBERS
650 _aCONSULTATION DOCUMENT
650 _aEXPERT WITNESSES
690 _aMANAGEMENT-BUSINESS MANAGEMENT-PROFESSIONAL PRACTICE
942 _n0
948 _c04/03/1997
999 _c90337
_d90337